Journal of American college of surgeons (Record no. 64312)
[ view plain ]
| 000 -LEADER | |
|---|---|
| fixed length control field | 00900nas a2200181 a 4500 |
| 008 - FIXED-LENGTH DATA ELEMENTS--GENERAL INFORMATION | |
| fixed length control field | 140219c99999999||||||||||||||||| || u |
| 022 ## - | |
| -- | 10727515 |
| 050 ## - LIBRARY OF CONGRESS CALL NUMBER | |
| Classification number | PER/JACS |
| 245 00 - TITLE STATEMENT | |
| Title | Journal of American college of surgeons |
| 260 ## - PUBLICATION, DISTRIBUTION, ETC. | |
| Place of publication, distribution, etc. | New York: |
| Name of publisher, distributor, etc. | Elsevier |
| Date of publication, distribution, etc. | |
| 300 ## - PHYSICAL DESCRIPTION | |
| Extent | 12/y |
| 362 1# - | |
| -- | <p>2013, Vol.217/No.2,3</p> |
| 650 ## - SUBJECT ADDED ENTRY--TOPICAL TERM | |
| Topical term or geographic name entry element | SURGERY--PERIODICALS |
| 650 #0 - SUBJECT ADDED ENTRY--TOPICAL TERM | |
| Topical term or geographic name entry element | SURGERY--CASE STUDIES |
| 995 ## - | |
| -- | MEDICAL LIBRARY OPEN ACCESS |
| -- | Vol.217/No.3-2013 |
| -- | CBU-SCHOOL OF MEDICINE LIBRARY (Ndola) |
| -- | PER/JACS |
| -- | 3 |
| -- | AVAILABLE |
| -- | Feb 19, 2014 |
| -- | 10721321731 |
| -- | Serial (Print) |
| 995 ## - | |
| -- | MEDICAL LIBRARY OPEN ACCESS |
| -- | Vol.217/No.2-2013 |
| -- | CBU-SCHOOL OF MEDICINE LIBRARY (Ndola) |
| -- | PER/JACS |
| -- | 1 |
| -- | AVAILABLE |
| -- | Feb 19, 2014 |
| -- | 1072132172 |
| -- | Serial (Print) |
| 995 ## - | |
| -- | MEDICAL LIBRARY OPEN ACCESS |
| -- | Vol.217/No.3-2013 |
| -- | CBU-SCHOOL OF MEDICINE LIBRARY (Ndola) |
| -- | PER/JACS |
| -- | 2 |
| -- | AVAILABLE |
| -- | Feb 19, 2014 |
| -- | 1072132173 |
| -- | Serial (Print) |
| 999 ## - | |
| -- | 64312 |
| -- | 64312 |
No items available.